| 000 | 00672nam a22001937a 4500 | ||
|---|---|---|---|
| 999 |
_c179470 _d179470 |
||
| 005 | 20210614160400.0 | ||
| 010 | _aUR-11142 | ||
| 020 |
_c400.00 _a- |
||
| 035 | _aU-9697 | ||
| 037 | _bDBAD/PUB | ||
| 082 | _a320 | ||
| 100 | _aبہا ر قا نو ن سا ز کا ؤ نسل | ||
| 245 |
_aکا ؤ نسل د ستا و يز 16-18 _cبہا ر قا نو ن سا ز کا ؤ نسل |
||
| 246 |
_aCouncil Dustaweze 16-18 (Urdu) _bby Bihar Qanoon Saz Council |
||
| 260 |
_aBihar _c2020 ء _bBihar Qanoon Saz Council |
||
| 270 |
_aUrdu Section Bihar Legislative Council, _bPatna _e800015 _l- |
||
| 300 |
_a327 ص _c22 Cm(Hb) |
||
| 942 |
_2ddc _cUR _h320 _mد س ت |
||